[Event "TUR Cup"]
[Site "Ankara"]
[Date "2021.12.11"]
[Round "5"]
[White "Ceylan, Arda"]
[Black "Gurbuz, Talha Zubeyir"]
[Result "1-0"]
[WhiteElo "1724"]
[BlackElo "1380"]
[PlyCount "77"]
[EventDate "2021.12.08"]
[EventType "swiss"]
[EventRounds "9"]
[EventCountry "TUR"]
[SourceTitle "CBM 205 Extra"]
[Source "ChessBase"]
[SourceDate "2022.01.31"]
[SourceVersion "1"]
[SourceVersionDate "2022.01.31"]
[SourceQuality "1"]

1. d4 Nf6 2. Nf3 e6 3. c4 b6 4. g3 Bb7 5. Bg2 Bb4+ 6. Nbd2 c5 7. 0-0 cxd4 8. a3 Be7 9. Nxd4 Bxg2 10. Kxg2 0-0 11. e4 Nc6 12. N4f3 d5 13. cxd5 exd5 14. e5 Nd7 15. Qe2 Nc5 16. b4 Ne6 17. Nb3 Rc8 18. Rd1 Qd7 19. Bb2 a5 20. b5 Nb8 21. a4 Qb7 22. Nfd4 Bc5 23. f4 Qd7 24. Nf3 Rfd8 25. f5 Nf8 26. Nfd4 Bb4 27. Rac1 Re8 28. g4 Bd6 29. Nf3 h5 30. Rxd5 Rxc1 31. Nxc1 hxg4 32. Nd4 Qb7 33. Qe4 Nfd7 34. Nc6 Nxc6 35. Rxd6 Ndxe5 36. bxc6 Qe7 37. Qxe5 Qxe5 38. Bxe5 Rxe5 39. c7 1-0

[Event "TUR Cup"]
[Site "Ankara"]
[Date "2021.12.11"]
[Round "6"]
[White "Emre, Alaattin Eren"]
[Black "Ceylan, Arda"]
[Result "1-0"]
[WhiteElo "1177"]
[BlackElo "1724"]
[PlyCount "111"]
[EventDate "2021.12.08"]
[EventType "swiss"]
[EventRounds "9"]
[EventCountry "TUR"]
[SourceTitle "CBM 205 Extra"]
[Source "ChessBase"]
[SourceDate "2022.01.31"]
[SourceVersion "1"]
[SourceVersionDate "2022.01.31"]
[SourceQuality "1"]

1. e4 e6 2. d4 d5 3. Nc3 Nf6 4. Bg5 h6 5. Bxf6 Qxf6 6. exd5 Bb4 7. dxe6 Bxe6 8. Nf3 Nc6 9. Bb5 0-0 10. Bxc6 bxc6 11. 0-0 Bg4 12. h3 Bh5 13. Ne4 Qf4 14. Ng3 Bg6 15. Ne5 Bd6 16. Nxg6 fxg6 17. Qd3 Rae8 18. c4 h5 19. c5 h4 20. cxd6 hxg3 21. fxg3 Qxd6 22. Rac1 Kh7 23. Rxf8 Rxf8 24. Rc5 Kh6 25. Qe3+ Kh7 26. Qe5 Qd7 27. Qe4 Rf6 28. h4 Re6 29. Re5 Rxe5 30. dxe5 Qe6 31. h5 Kh6 32. hxg6 Qxg6 33. Qh4+ Qh5 34. Kf2 g5 35. Qxh5+ Kxh5 36. Kf3 Kg6 37. Ke4 c5 38. Kd5 Kf5 39. g4+ Kg6 40. Kxc5 Kf7 41. Kd5 Ke7 42. b4 a6 43. a4 Kd7 44. e6+ Ke7 45. Kc6 Kxe6 46. Kxc7 Kd5 47. b5 a5 48. b6 Kc5 49. b7 Kb4 50. b8Q+ Kxa4 51. Kc6 Ka3 52. Kc5 Ka2 53. Kc4 a4 54. Kc3 a3 55. Kc2 Ka1 56. Qb1# 1-0

[Event "TUR Cup"]
[Site "Ankara"]
[Date "2021.12.08"]
[Round "1"]
[White "Ceylan, Arda"]
[Black "Yardimci, Ali Emir"]
[Result "1-0"]
[WhiteElo "1724"]
[BlackElo "1244"]
[PlyCount "39"]
[EventDate "2021.12.08"]
[EventType "swiss"]
[EventRounds "9"]
[EventCountry "TUR"]
[SourceTitle "CBM 205 Extra"]
[Source "ChessBase"]
[SourceDate "2022.01.31"]
[SourceVersion "1"]
[SourceVersionDate "2022.01.31"]
[SourceQuality "1"]

1. d4 e5 2. dxe5 Nc6 3. Nf3 Qe7 4. Bf4 Qb4+ 5. Bd2 Qxb2 6. Nc3 Nb4 7. Nd4 c5 8. Rb1 Qa3 9. Ndb5 Qa5 10. a3 Ne7 11. axb4 cxb4 12. Nd6+ Kd8 13. Nxf7+ Ke8 14. Nd6+ Kd8 15. Ncb5 Nd5 16. Bg5+ Be7 17. Qxd5 Bxg5 18. Nf7+ Ke8 19. Nbd6+ Ke7 20. Qxa5 1-0

[Event "Ankara Ipek Memorial 8th"]
[Site "Ankara"]
[Date "2020.03.08"]
[Round "7"]
[White "Alkan, Omer Tarik"]
[Black "Ceylan, Arda"]
[Result "1/2-1/2"]
[WhiteElo "1757"]
[BlackElo "1637"]
[PlyCount "60"]
[EventDate "2020.03.04"]
[EventType "swiss"]
[EventRounds "7"]
[EventCountry "TUR"]
[SourceTitle "CBM 195 Extra"]
[Source "ChessBase"]
[SourceDate "2020.05.31"]
[SourceVersion "1"]
[SourceVersionDate "2020.05.31"]
[SourceQuality "1"]

1. e4 e6 2. d4 d5 3. e5 c5 4. c3 Nc6 5. Nf3 Qb6 6. Bd3 cxd4 7. cxd4 Bd7 8. 0-0 Nxd4 9. Nbd2 Nc6 10. Nb3 Nge7 11. Be3 Qc7 12. Nc5 Ng6 13. Rc1 Bxc5 14. Bxc5 Ncxe5 15. Nxe5 Qxe5 16. Qb3 Bc6 17. Ba3 Rc8 18. Bb5 Qc7 19. Rc2 a6 20. Bxc6+ bxc6 21. Rfc1 Ne5 22. Qa4 f6 23. f4 Nc4 24. b3 Qa7+ 25. Kh1 Nxa3 26. Rxc6 Rxc6 27. Rxc6 Kf7 28. Qxa3 Qe3 29. g3 Qe1+ 30. Kg2 Qe2+ 1/2-1/2

[Event "Ankara Ipek Memorial 8th"]
[Site "Ankara"]
[Date "2020.03.07"]
[Round "5"]
[White "Pamuk, Yagiz"]
[Black "Ceylan, Arda"]
[Result "0-1"]
[WhiteElo "1385"]
[BlackElo "1637"]
[PlyCount "64"]
[EventDate "2020.03.04"]
[EventType "swiss"]
[EventRounds "7"]
[EventCountry "TUR"]
[SourceTitle "CBM 195 Extra"]
[Source "ChessBase"]
[SourceDate "2020.05.31"]
[SourceVersion "1"]
[SourceVersionDate "2020.05.31"]
[SourceQuality "1"]

1. e4 e6 2. d4 d5 3. Nc3 Nf6 4. Bg5 Be7 5. e5 Nfd7 6. Bxe7 Qxe7 7. f4 a6 8. Nf3 c5 9. dxc5 Nc6 10. Bd3 Qxc5 11. Qd2 0-0 12. 0-0-0 b5 13. Kb1 b4 14. Ne2 a5 15. Ned4 Nxd4 16. Nxd4 Ba6 17. Bxa6 Rxa6 18. Rhe1 a4 19. Re3 Nb6 20. Rh3 Nc4 21. Qf2 Rfa8 22. Qh4 h6 23. Rg3 Kh7 24. Qg4 g6 25. Rh3 b3 26. Qg5 bxa2+ 27. Ka1 h5 28. g4 Qb4 29. Nb3 a3 30. Rxh5+ Kg8 31. Rb1 axb2+ 32. Rxb2 Qe1+ 0-1

[Event "Ankara op 02"]
[Site "Ankara"]
[Date "2020.02.16"]
[Round "6"]
[White "Ceylan, Arda"]
[Black "Gul, Servet"]
[Result "1/2-1/2"]
[WhiteElo "1682"]
[BlackElo "1425"]
[PlyCount "71"]
[EventDate "2020.02.14"]
[EventType "swiss"]
[EventRounds "7"]
[EventCountry "TUR"]
[SourceTitle "CBM 195 Extra"]
[Source "ChessBase"]
[SourceDate "2020.05.31"]
[SourceVersion "1"]
[SourceVersionDate "2020.05.31"]
[SourceQuality "1"]

1. d4 c5 2. d5 d6 3. c4 Bd7 4. e4 g6 5. Nc3 Bg7 6. Nf3 Na6 7. Bd3 e5 8. Nb5 Bxb5 9. cxb5 Nc7 10. 0-0 h6 11. a4 Ne7 12. Nd2 0-0 13. Nc4 f5 14. f3 b6 15. b4 f4 16. bxc5 bxc5 17. Rf2 Ncxd5 18. exd5 e4 19. Bb2 Bxb2 20. Rxb2 exd3 21. Qxd3 Rf5 22. b6 axb6 23. Nxb6 Ra7 24. g4 fxg3 25. hxg3 Rf6 26. g4 g5 27. Nc4 Qf8 28. Nd2 Ng6 29. Rab1 Re7 30. Rb8 Re8 31. Qb5 Rxb8 32. Qxb8 Ne5 33. a5 Nxf3+ 34. Nxf3 Rxf3 35. a6 Rf1+ 36. Kg2 1/2-1/2

[Event "TUR-chT 1st League"]
[Site "Konya"]
[Date "2019.07.23"]
[Round "3.10"]
[White "Ceylan, Arda"]
[Black "Taspinar, Yanki"]
[Result "1/2-1/2"]
[WhiteElo "1732"]
[BlackElo "1938"]
[PlyCount "104"]
[EventDate "2019.07.22"]
[EventType "team-swiss"]
[EventRounds "9"]
[EventCountry "TUR"]
[SourceTitle "CBM 191 Extra"]
[Source "ChessBase"]
[SourceDate "2019.09.30"]
[SourceVersion "1"]
[SourceVersionDate "2019.09.30"]
[SourceQuality "1"]
[WhiteTeam "Ankara DSI Genclik"]
[BlackTeam "Salihli Sardes"]
[WhiteTeamCountry "TUR"]
[BlackTeamCountry "TUR"]

1. d4 d5 2. c4 e6 3. Nc3 c6 4. cxd5 exd5 5. Nf3 Bd6 6. Bg5 Ne7 7. e3 0-0 8. Bd3 f6 9. Bh4 Bf5 10. Bg3 Na6 11. Bxd6 Qxd6 12. 0-0 Nc7 13. Bxf5 Nxf5 14. Qd3 Qd7 15. Rab1 Nd6 16. Nd2 Rfe8 17. Na4 Ne6 18. Nc5 Nxc5 19. dxc5 Ne4 20. Nxe4 Rxe4 21. f3 Re7 22. Rfe1 Rae8 23. Rbd1 Qe6 24. Qd4 f5 25. Rd2 Qe5 26. Qxe5 Rxe5 27. Kf2 Kf7 28. Rd4 Kf6 29. Ra4 a6 30. Rd4 g5 31. g3 h5 32. h3 R8e6 33. b4 Ke7 34. a4 Kd7 35. a5 Ke7 36. Re2 Kf6 37. g4 hxg4 38. hxg4 Re7 39. gxf5 Kxf5 40. Re1 Re8 41. Re2 Rh8 42. e4+ dxe4 43. Rexe4 Rxe4 44. fxe4+ Kf4 45. Rd7 Rh2+ 46. Kg1 Rb2 47. Rxb7 Kxe4 48. Rb6 Kd5 49. Kh1 g4 50. Kg1 g3 51. Kh1 Rh2+ 52. Kg1 Rb2 1/2-1/2

[Event "Troya op 26th"]
[Site "Canakkale"]
[Date "2018.08.09"]
[Round "7"]
[White "Erke, Mustafa Yigit"]
[Black "Ceylan, Arda"]
[Result "0-1"]
[WhiteElo "1599"]
[BlackElo "1617"]
[PlyCount "104"]
[EventDate "2018.08.06"]
[EventType "swiss"]
[EventRounds "9"]
[EventCountry "TUR"]
[SourceTitle "EXT 2019"]
[Source "ChessBase"]
[SourceDate "2018.10.10"]
[SourceVersion "1"]
[SourceVersionDate "2018.10.10"]
[SourceQuality "1"]

1. e4 e5 2. Nf3 Nf6 3. Nc3 Nc6 4. Bc4 Nxe4 5. Nxe4 d5 6. Bd3 dxe4 7. Bxe4 Bd6 8. d4 Nxd4 9. Ng5 Bf5 10. c3 Bxe4 11. Nxe4 Ne6 12. Qa4+ Qd7 13. Qc4 0-0-0 14. Be3 Kb8 15. 0-0-0 Qc6 16. Qxc6 bxc6 17. c4 c5 18. Rd5 f5 19. Nxd6 cxd6 20. Rhd1 Kc7 21. f4 Nxf4 22. Bxf4 exf4 23. Rxf5 Rhf8 24. Rh5 h6 25. Rh3 Rde8 26. Ra3 Ra8 27. Ra6 Rf6 28. Re1 Kd7 29. a3 g5 30. b4 cxb4 31. axb4 f3 32. gxf3 Rf4 33. Re4 Rxe4 34. fxe4 Rc8 35. Rxa7+ Ke6 36. c5 dxc5 37. b5 Rb8 38. Ra6+ Ke5 39. Rxh6 Rxb5 40. Rh5 Kf4 41. e5 Rb6 42. Kc2 Re6 43. h4 g4 44. Rh8 g3 45. h5 g2 46. Rg8 Kf3 47. Kd3 Rxe5 48. h6 Rd5+ 49. Kc4 Rh5 50. Rg6 Kf2 51. Rf6+ Kg3 52. Rg6+ Kh2 0-1

[Event "TUR-chT2"]
[Site "Konya"]
[Date "2017.07.13"]
[Round "7.1"]
[White "Ceylan, Arda"]
[Black "Savci, Bilal"]
[Result "1-0"]
[WhiteElo "1539"]
[BlackElo "1580"]
[PlyCount "97"]
[EventDate "2017.07.09"]
[EventType "team-swiss"]
[EventRounds "9"]
[EventCountry "TUR"]
[SourceTitle "CBM 179 Extra"]
[Source "ChessBase"]
[SourceDate "2017.08.23"]
[SourceVersion "1"]
[SourceVersionDate "2017.08.23"]
[SourceQuality "1"]
[WhiteTeam "Ankara DSI Genclik"]
[BlackTeam "Mezopotamya"]
[WhiteTeamCountry "TUR"]
[BlackTeamCountry "TUR"]

1. d4 d5 2. Bf4 Nf6 3. e3 e6 4. Nf3 Be7 5. Bd3 0-0 6. Nbd2 c5 7. c3 Nbd7 8. Ne5 Re8 9. h4 Nxe5 10. dxe5 Ne4 11. Nxe4 dxe4 12. Bxe4 Qxd1+ 13. Rxd1 Rb8 14. Ke2 b6 15. g4 Bb7 16. Bxb7 Rxb7 17. Bg3 Rd8 18. Rxd8+ Bxd8 19. Rd1 Be7 20. e4 Kf8 21. f4 Ke8 22. f5 Rd7 23. Rf1 c4 24. Rf3 b5 25. h5 Bg5 26. Bf4 Bxf4 27. Rxf4 h6 28. f6 g6 29. hxg6 fxg6 30. Rf3 Rh7 31. Ke3 Rd7 32. Ke2 Rh7 33. Rh3 h5 34. gxh5 Rxh5 35. Rxh5 gxh5 36. Kf3 Kf7 37. Kg3 Kg6 38. Kh4 Kh6 39. f7 Kg7 40. Kxh5 Kxf7 41. Kh6 Kf8 42. Kg6 Ke7 43. Kg7 a6 44. a3 a5 45. Kg6 Ke8 46. Kf6 Kd7 47. Kf7 a4 48. Kf6 Kd8 49. Kxe6 1-0

[Event "TUR-chT2"]
[Site "Konya"]
[Date "2017.07.12"]
[Round "6.1"]
[White "Kirilmaz, Emre"]
[Black "Ceylan, Arda"]
[Result "1-0"]
[WhiteElo "1730"]
[BlackElo "1539"]
[PlyCount "107"]
[EventDate "2017.07.09"]
[EventType "team-swiss"]
[EventRounds "9"]
[EventCountry "TUR"]
[SourceTitle "CBM 179 Extra"]
[Source "ChessBase"]
[SourceDate "2017.08.23"]
[SourceVersion "1"]
[SourceVersionDate "2017.08.23"]
[SourceQuality "1"]
[WhiteTeam "Onay"]
[BlackTeam "Ankara DSI Genclik"]
[WhiteTeamCountry "TUR"]
[BlackTeamCountry "TUR"]

1. d4 Nf6 2. Nf3 g6 3. g3 Bg7 4. Bg2 0-0 5. 0-0 d6 6. c4 Nc6 7. d5 Nb8 8. Nc3 e5 9. dxe6 Bxe6 10. Nd4 d5 11. Nxe6 fxe6 12. cxd5 exd5 13. Nxd5 c6 14. Nxf6+ Qxf6 15. Qb3+ Rf7 16. Rb1 Na6 17. Be3 Bf8 18. Rbc1 Qf5 19. Rfd1 Nc5 20. Qc2 Qxc2 21. Rxc2 Na4 22. Bh3 Re8 23. Rcd2 Bg7 24. Rd8 Rfe7 25. Rxe8+ Rxe8 26. Rd7 b5 27. Rxa7 Nxb2 28. Bd7 Re7 29. Bxc6 Rxa7 30. Bxa7 b4 31. Bd5+ Kf8 32. Bc5+ Ke8 33. Bxb4 Bd4 34. e3 Bb6 35. Kg2 Kd7 36. Bg8 Nd3 37. Bc3 Nc1 38. Bxh7 Nxa2 39. Bd2 Bc5 40. Bxg6 Ke6 41. Bb1 Nb4 42. Bxb4 Bxb4 43. f4 Kf6 44. e4 Bc5 45. h4 Kg7 46. e5 Bd4 47. Kf3 Bc5 48. g4 Bb4 49. g5 Be1 50. h5 Bd2 51. e6 Bb4 52. f5 Bd2 53. f6+ Kf8 54. e7+ 1-0

[Event "TUR-chT2"]
[Site "Konya"]
[Date "2017.07.09"]
[Round "1"]
[White "Ceylan, Arda"]
[Black "Ozalp, Emre"]
[Result "1-0"]
[WhiteElo "1539"]
[BlackElo "1161"]
[PlyCount "81"]
[EventDate "2017.07.09"]
[EventType "team-swiss"]
[EventRounds "9"]
[EventCountry "TUR"]
[SourceTitle "CBM 179 Extra"]
[Source "ChessBase"]
[SourceDate "2017.08.23"]
[SourceVersion "1"]
[SourceVersionDate "2017.08.23"]
[SourceQuality "1"]
[WhiteTeam "Ankara DSI Genclik"]
[BlackTeam "Karaman Akademi"]
[WhiteTeamCountry "TUR"]
[BlackTeamCountry "TUR"]

1. d4 Nf6 2. Bf4 d5 3. e3 e6 4. Nf3 Bd7 5. Bd3 c5 6. c3 Nc6 7. Nbd2 Be7 8. Ne5 0-0 9. Qf3 c4 10. Bc2 b5 11. a3 a5 12. Qh3 g6 13. g4 b4 14. Bh6 Re8 15. a4 bxc3 16. bxc3 Rb8 17. Qg2 Rb2 18. Bb1 Qc7 19. f4 Qb7 20. Nxd7 Qxd7 21. g5 Ne4 22. Bxe4 dxe4 23. Qxe4 Qd5 24. Qxd5 exd5 25. Nf3 Rc2 26. 0-0 Rxc3 27. Rfe1 Bd6 28. Ne5 Nxe5 29. fxe5 Bb4 30. Kf2 Rc2+ 31. Re2 Rxe2+ 32. Kxe2 Rc8 33. Kd1 Rb8 34. Rb1 c3 35. Kc2 Re8 36. Rf1 Re6 37. Rf6 Rxf6 38. gxf6 Kh8 39. e6 Kg8 40. e7 Bxe7 41. fxe7 1-0